|
|
|
|
| LEADER |
00000nas a22000007a 4500 |
| 001 |
ssj0022768 |
| 003 |
WaSeSS |
| 005 |
20200512172242.0 |
| 006 |
m d |
| 007 |
cr n |
| 008 |
830628d198u1986txumx p s 0 a0eng d |
| 010 |
|
|
|a sn 83009180
|
| 016 |
7 |
|
|a 009206914
|2 Uk
|
| 022 |
|
|
|l 0745-9807
|y 0745-9807
|
| 035 |
|
|
|a (WaSeSS)ssj0022768
|
| 037 |
|
|
|b Houston Chamber of Commerce, 100 Milan, 25th Floor, Houston, TX 77002
|
| 040 |
|
|
|a NSD
|b eng
|c NSD
|d NSD
|d OCLCQ
|d UKMGB
|d OCLCQ
|d OCLCO
|d TXI
|d OCLCO
|d OCLCF
|d OCLCQ
|d WaSeSS
|
| 042 |
|
|
|a nsdp
|
| 043 |
|
|
|a n-us-tx
|
| 082 |
1 |
0 |
|a 976
|2 11
|
| 210 |
0 |
|
|a Houst. mag.
|
| 222 |
|
0 |
|a Houston magazine
|
| 245 |
0 |
0 |
|a Houston magazine
|h [electronic resource].
|
| 260 |
|
|
|a [Houston, TX] :
|b [Houston Chamber of Commerce]
|
| 310 |
|
|
|a Monthly (except semimonthly in Feb. & Sept.)
|
| 362 |
1 |
|
|a Ceased in Oct. 1986.
|
| 506 |
|
|
|a License restrictions may limit access.
|
| 588 |
|
|
|a Description based on: Vol. 54, no. 5 (June 1983); title from cover.
|
| 651 |
|
0 |
|a Houston (Tex.)
|v Periodicals.
|
| 651 |
|
7 |
|a Texas
|z Houston.
|2 fast
|0 (OCoLC)fst01205077
|
| 655 |
|
0 |
|a Electronic journals.
|
| 710 |
2 |
|
|a Houston Chamber of Commerce.
|
| 780 |
0 |
0 |
|t Houston
|x 0018-6678
|
| 785 |
0 |
0 |
|t Magazine Houston
|x 1040-5887
|w (DLC)sn 88002480
|
| 856 |
4 |
0 |
|z Full text available from Research Library: 07/01/1986 to 10/31/1986
|u https://search.proquest.com/publication/3356
|